000 00298nam a22001337a 4500
008 170614b xxu||||| |||| 00| 0 eng d
020 _a9781555879662
041 _aeng
080 _a32
100 _a19
101 _aSHP
245 _aAFRICAN FOREIGN POLICIES
_cKHADIAGALA,G.M
942 _2udc
_cBK
999 _c17377
_d17377